000 00867cam a2200265 i 4500
999 _c19568
_d19568
001 2269448
003 BDDh-ASL
005 20231015025804.0
008 780804s1977 enkb b 001 0 eng
010 _a 78307821
015 _aGB***
020 _a0700701036 :
_c£4.50
040 _aDLC
_cDLC
_dBDDh-ASL
043 _aa------
050 0 0 _aBL1055
_b.R45
082 0 0 _a200.954
_bREL
245 0 0 _aReligion in South Asia :
_breligious conversion and revival movements in South Asia in medieval and modern times /
_cedited by G. A. Oddie.
260 _aLondon :
_bCurzon Press,
_c1977.
300 _aviii, 204 p. :
_bmap ;
_c23 cm.
504 _aIncludes bibliographical references and index.
651 0 _aSouth Asia
_xReligion
_xCongresses.
700 1 _aOddie, Geoffrey A.,
_d1932-
906 _a7
_bcbc
_corignew
_d3
_encip
_f19
_gy-gencatlg
942 _2ddc
_cBK